Регионална библиотека "Любен Каравелов" - Русе

Любов завинаги (Запис номер 87044)

MARC детайли
000 -Лидер
Контролно поле с фиксирана дължина 01234nam a2200325 c 4500
003 - Код на организацията, давaща контролен номер
Контролно поле BLK
005 - Дата и час на последна редакция
Контролно поле 20230418115300.0
008 - Елементи от данни с фиксирана дължина
fixed length control field 180408b bul|||||r ||||||| ||bul||
010 ## - Наследен системен номер
LC control number KNG00091674000
020 ## - Международен стандартен номер на книга ISBN
Международен стандартен номер на книга ISBN 954-459-074-9
-- издат.: Хермес
040 ## - Източник на каталожния запис
Идентификатор на билиотеката - собственик на записа BLK
041 ## - Код за език
Код за езика на текст/звукозапис или на отделно заглавие Български
Код за езика КДБФ Български
080 ## - УДК
Текстов определител УДК Американска литература (на САЩ)
УДК код - определител по УДК 821.111(73)
УДК определител -31
УДК - код + определител 821.111(73)-31
100 1# - Редна дума - Автор
Автор Гарлок, Дороти
Авторска отговорност първи автор
R(LIN) 51404
139 ## - Редно поле
Редна дума Гарлок, Дороти
Авторски знак Гар - Г 23
245 10 - Сведения за заглавието
Заглавие Любов завинаги
Подзаглавни данни Роман
Редно поле (дума) Дороти Гарлок; прев. от англ. Алекси Георгиев.
257 ## - Страна на издаване
Страна на създаване/издаване Съединени американски щати
260 ## - Област на издателските данни
-- Пловдив
Име на издателя, разпространителя и проч. Хермес
Година на издаване 1993
300 ## - Физическа характеристика
Страници 142 с.
Размери/Мащаб 20 см
380 ## - Жанр
Жанр Худож. лит.
490 1# - СЕРИИ (Колекции)
Име на серия Нови любовни романи
№: серия № 14
500 ## - Общи забележки
Забележка Ориг. загл. A Love for All Time / Dorothy Carlock. - Офс. изд. - 30 060 тир.
653 ## - Ключова дума – ненормативна
Ключова дума романтична проза
700 1# - Други автори (авторска отговорност)
Лично име Георгиев, Алекси
Автороска отговорност (Описва отношението между автора и произведението) прев. от англ.
9 (RLIN) 302552
852 ## - Местоположение
Форматна сигнатура Цб 178767
856 4# - Електронен адрес и достъп
Електронен формат pdf - файл
Път до файла /url/
856 4# - Електронен адрес и достъп
Електронен формат pdf - файл
Път до файла /url/
942 ## - АРТИКУЛИ
Вид на библиотечния материал Книги
Скрит в OPAC Не
Koha issues (borrowed), all copies 3
944 ## - СЪЗДАВАНЕ И РЕДАКЦИЯ на ЗАПИСА
Създаване/Редакция Създаване
Дата на регистрацията/редакция 28.09.2009
Служител, извършил регистрацията/редакцията Людмила_Стоянова
944 ## - СЪЗДАВАНЕ И РЕДАКЦИЯ на ЗАПИСА
Създаване/Редакция Редакция
Дата на регистрацията/редакция 15.10.2009
Служител, извършил регистрацията/редакцията
999 ## - СИСТЕМНИ КОНТРОЛНИ НОМЕРА
Koha biblionumber 87044
Koha biblioitemnumber 87044
Наличности
Код за отписване Код за изгубен артикул Код за повреда Коз за рестрикции Код за отдаване Артикулен № Име на библиотеката - собственик Име на библиотеката, в която се намира в момента Статус (Текущо местоположение) Дата на вписване в системата Местоположение - отдел Цена в лева Инвентарен номер Систематично азбучна сигнатура Баркод Номер на екземпляра Цена в евро Служебна бележка Служебен тип на артикула Бележка за публиката Източник на класификационната схема
Изтеглен Не е изгубен Не е повреден без рестрикции заемане за дома 140902 Регионална библиотека "Любен Каравелов" Русе Регионална библиотека "Любен Каравелов" Русе   2009-09-25 Заемна - подръчен фонд 2.00 120000738563 П 820(73)-31/Г 23 120000738563 1 1.02 Дост: DA Вид: А N: 12 Дата: 25.09.2009 Книги Отч.N: 68 , Дата: 22.12.2017  
  Не е изгубен Не е повреден без рестрикции ползва се в читалня 140903 Регионална библиотека "Любен Каравелов" Русе Регионална библиотека "Любен Каравелов" Русе Хранилище 1993-01-01 Хранилище 0.53 586069 Цб 178767 120000586069 2 0.27 Дост: Dp Вид: Д N: стар фонд Дата: 01.01.1993 Дата инв: 07.09.2015 Бележки инв: Цб2015 Книги   Universal Decimal Classification
  Не е изгубен Не е повреден без рестрикции заемане за дома 680141 Регионална библиотека "Любен Каравелов" Русе Регионална библиотека "Любен Каравелов" Русе Заемна - подръчен фонд 2018-09-11 Заемна - подръчен фонд 11.67 120000823174 П 820(73)-31/Г 23 120000823174   5.97   Книги   Universal Decimal Classification
Vip Innovations Ltd, Rousse, Bulgaria 2025